000 00553nam a22001697a 4500
008 191217b xxu||||| |||| 00| 0 eng d
020 _a9789937287265
041 _aNep.
082 _aN920/D667d
100 _aDayal, Puran Singh
241 _aDalit manav maryadaka bektitwaharoo bhag:1
245 _aदलित मानव मर्यादाका व्यक्तित्वहरुः
_bभाग १
260 _aBaitadi:
_bDalit Samaj Vikash Mancha,
_c2071 B.S.
300 _a208p.;illus.
650 _aBiography
942 _2ddc
_cISBN
999 _c87865
_d87854